|
|
|
|
| LEADER |
00000cam a2200000 7i4500 |
| 001 |
0000005155 |
| 005 |
20161120093000.0 |
| 008 |
021118s1996 |
| 020 |
|
|
|a 9839184199
|
| 090 |
0 |
0 |
|a BP190.5.I5
|b A52 1996
|
| 100 |
0 |
|
|a Aidit Ghazali ,
|e author
|
| 245 |
1 |
2 |
|a A study of industrialisation from the Quran, the sunnah and the Islamic civilisation
|c Aidit Haji Ghazali
|
| 260 |
2 |
|
|a Kuala Lumpur :
|b Institut Perkembangan Minda ,
|c 1996
|
| 300 |
|
|
|a viii, 75 p. ;
|c 22 cm.
|
| 504 |
|
|
|a Includes bibliography (p. 73-75)
|
| 650 |
|
0 |
|a Industrialization
|x Religious aspects
|x Islam
|
| 650 |
|
0 |
|a Islamic civilization
|x History
|
| 999 |
|
|
|a 1000077345
|b Book
|c OPEN SHELF (30 DAYS)
|e Gong Badak Campus
|